Top 30 popularité personnages My Hero Academia (MHA) - Statistiques

Statistiques générales
  • Ce quiz a été pris 4 305 fois
  • Le résultat moyen est 16 sur 30
Statistiques - réponses
Place Votes Personnages % Correct
2 8 018 Izuku Midoriya
100%
1 13 731 Katsuki Bakugo
98%
3 5 006 Shoto Todoroki
96%
20 597 All Might
95%
10 1 626 Ochaco Uraraka
83%
12 981 Tomura Shigaraki
78%
4 3 483 Endeavor
77%
9 1 776 Eijiro Kirishima
72%
23 523 Momo Yaoyorozu
72%
7 1 849 Shota Aizawa
72%
6 1 853 Denki Kaminari
70%
11 1 045 Dabi
68%
29 261 Tsuyu Asui
66%
8 1 820 Keigo Takami
63%
5 2 460 Tenya Iida
62%
21 587 Himiko Toga
61%
13 912 Mirio Togata
51%
26 321 Fumikage Tokoyami
49%
19 683 Kyoka Jiro
39%
16 721 Tamaki Amajiki
28%
17 701 Present Mic
27%
24 420 Nejire Hado
26%
14 862 Hanta Sero
25%
25 350 Mirko
25%
30 260 Best Jeanist
23%
18 687 Hitoshi Shinso
21%
22 530 Neito Monoma
21%
27 295 Yo Shindo
7%
28 273 Beatboxer Bakugo
2%
15 746 Rody Soul
2%
Aucun quiz correspondant
Distribution des résultats
% des personnes avec chaque résultat
Percentile par nombre de réponses
Votre historique - résultats
Vous n’avez pas pris ce quiz